000 00359nam a2200133Ia 4500
008 240624s9999 xx 000 0 und d
041 _aeng
082 _a332.1 KRI
100 _aKRISHNAN SANKAR
245 _aPOWER OF MOBILE BANKING HOW TO PROFIT FR
260 _c2014
_aNew Jersey
_bJohn Wiley & Sons
300 _axix, : 172 : p. : cm. ; 23
365 _c
_b26
999 _c23493
_d23493